Normal view
MARC view
- An Environmental Approach-Organization Theory
Entry Topical Term
001 - CONTROL NUMBER
- control field: 2926
003 - CONTROL NUMBER IDENTIFIER
- control field: JO-AjAnu
005 - DATE AND TIME OF LATEST TRANSACTION
- control field: 20230606070801.0
008 - FIXED-LENGTH DATA ELEMENTS
- fixed length control field: 230606|| aca||aabn | a|a d
040 ## - CATALOGING SOURCE
- Original cataloging agency: JO-AjAnu
- Transcribing agency: JO-AjAnu
150 ## - HEADING--TOPICAL TERM
- Topical term or geographic name entry element: An Environmental Approach-Organization Theory
670 ## - SOURCE DATA FOUND
- Source citation: Work cat.: (JO-AjAnu)1533: HODGE,B.J/WILLIAM P.ANTHONY, author 2925, Organization Theory An Environmental Approach